000 00500nam a2200205Ia 4500
003 OSt
005 20250923161629.0
008 210210b2008 xxu||||| |||| 00| 0 eng d
040 _cAL
041 _aeng
082 _a658.3 RAOH
100 _a P Subba Rao
_9240289
245 _aHuman resource management Ed 4
250 _a4
260 _aMumbai
_bHimalaya Publishing House
_c2008
300 _aviii,215
690 _aHuman Resource Management
_9240293
906 _a066239
942 _2ddc
_cBK
999 _c147525
_d147525